000 00236nam a22001097a 4500
999 _c65272
_d65269
082 _a297.925VAQ
100 _aDr Waqar Ahmed Rizvi
245 _aEminent Muslim Scientists- The Quail
260 _akarachi
300 _a107p
942 _cBK